00448nam a2200121Ia 4500008004100000245018700041260001700228260000900245300000800254650002300262650001200285856002900297170516s9999 xx 000 0 und d a3-D Ultrasound Localization Microscopy for Identifying Microvascular Morphology Features of Tumor Angiogenesis at a Resolution Beyond the Diffraction Limit of Conventional Ultrasound bTheranostics c2017 a7:1 xMedical Technology xMedtech uhttp://www.thno.org/v7i1